000 00829cam a22002654a 4500
001 13532453
005 20241214084223.0
008 040322s2005 njuab b 001 0 eng
020 _a0131453106
020 _a9780131453104
020 _a0131278363 (pbk.)
020 _a9780131278363 (pbk.)
050 0 0 _aQL605
_b.P68 2005
082 0 0 _a596
_222
100 1 _aPough, F. Harvey.
245 1 0 _aVertebrate life /
_cF. Harvey Pough, Christine M. Janis, John B. Heiser.
250 _a7th ed.
260 _aUpper Saddle River, N.J. :
_bPearson/Prentice Hall,
_cc2005.
300 _axvi, 684, [51] p. :
_bill. (some col.), maps ;
_c27 cm.
650 0 _aVertebrates.
650 0 _aVertebrates, Fossil.
700 1 _aJanis, Christine M.
_q(Christine Marie),
_d1950-
700 1 _aHeiser, John B.
942 _2lcc
_cBK
_e7th ed.
_n0
999 _c2194
_d2194